Łańcuch piłkarzy - zdjęcia #3 - Statystyki

Ogólne statystyki
  • Ten quiz został rozwiązany 85 razy
  • Średni wynik to 12 z 20
Statystyki odpowiedzi
Obrazkowy Odpowiedź % Poprawnych
Zinedine Zidane
100%
Federico Valverde
92%
Bernardo Silva
88%
Alessandro Nesta
87%
Presnel Kimpembe
80%
Deco
76%
Yaya Toure
76%
Thomas Lemar
72%
William Saliba
72%
Alphonse Areola
70%
Franco Baresi
58%
Arkadiusz Reca
54%
Joe Cole
54%
Esteban Cambiasso
42%
Marco Materazzi
33%
Bebeto
30%
Paulo Sousa
21%
Ryszard Tarasiewicz
17%
Bernard Lama
13%
Sylwester Czereszewski
13%
Nie znaleziono quizów pasujących do podanych kryteriów
Rozkład punktacji
Procent ludzi z każdym wynikiem
Percentyl według liczby udzielonych odpowiedzi
Twoja historia wyników
Nie rozwiązałeś tego quizu